000
00250nam a2200097Ia 4500
008
200302s9999 xx 000 0 und d
100
_a
Roger Yee
245
_a
Educational Environments 4
260
_b
Visual Reference Publications Inc.
300
_a
248 P.,
999
_c
5745
_d
5745